Habits of the heart : individualism and commitment in American life

Αποθηκεύτηκε σε:
Λεπτομέρειες βιβλιογραφικής εγγραφής
Μορφή: Βιβλίο
Γλώσσα:English
Δημοσίευση: Berkeley : University of California Press, 1985
Θέματα:
Ετικέτες: Προσθήκη ετικέτας
Δεν υπάρχουν, Καταχωρήστε ετικέτα πρώτοι!

MARC

LEADER 00000cam a2200000 i 4500
001 1/65002
008 931004s1985 eng d
020 |a 0-520-05388-5 
035 |a ΛΕΣΒΟΣb10001482  |l 10001482 
040 |a GR-MY-UA  |b gre  |e aacr 
041 0 |a eng 
082 0 |a 306.0973 
245 1 0 |a Habits of the heart :  |b individualism and commitment in American life /  |c Robert N. Bellah...[et al.] 
260 |a Berkeley :   |b University of California Press,   |c 1985 
300 |a 336 p. 
500 |a Βιβλίο κακέκτυπο, λείπουν οι σελίδες 81-144. 
504 |a Includes index 
650 0 0 |a National characteristics, American. 
650 0 0 |a Individualism. 
650 0 0 |a Civics. 
651 0 |a United States  |x Civilization  |y 1945- 
852 |a INST  |b LESVOS  |e 19931004  |h 306.0973 HAB  |p 005100010514  |q 005100010514  |t BK  |y 0 
909 |a Λ  |b 12364